ბათუმის შოთა რუსთაველის სახელმწიფო უნივერსიტეტის ბიბლიოთეკა

Новая керамика : (ბიბ.ჩანაწერი № 46807)

000 -LEADER
fixed length control field 01136nam a2200265Ia 4500
001 - CONTROL NUMBER
control field 13658
003 - CONTROL NUMBER IDENTIFIER
control field GE_BSU
005 - DATE AND TIME OF LATEST TRANSACTION
control field 20210322173054.0
008 - FIXED-LENGTH DATA ELEMENTS--GENERAL INFORMATION
fixed length control field 181216s1969||||ge |||||||||||||| ||rus||
040 ## - CATALOGING SOURCE
Transcribing agency GE_BSU
041 ## - LANGUAGE CODE
Language code of text/sound track or separate title rus
080 ## - UNIVERSAL DECIMAL CLASSIFICATION NUMBER
Universal Decimal Classification number 666.3/.7 Н-72
100 ## - MAIN ENTRY--PERSONAL NAME
Personal name Будников,П.П. Булавин,И.А. Выдрик,Г.А. и др.
9 (RLIN) 10632
245 ## - TITLE STATEMENT
Title Новая керамика :
Remainder of title Учебник /
Statement of responsibility, etc. Под общей ред. П.П.Будников. Автор Будников,П.П. Булавин,И.А. Выдрик,Г.А. и др.
264 ## - PRODUCTION, PUBLICATION, DISTRIBUTION, MANUFACTURE, AND COPYRIGHT NOTICE
Place of production, publication, distribution, manufacture М.
Name of producer, publisher, distributor, manufacturer Стройиздат.
Date of production, publication, distribution, manufacture, or copyright notice 1969.
300 ## - PHYSICAL DESCRIPTION
Extent 366 стр.
Other physical details илл.
Dimensions 23 см.
500 ## - GENERAL NOTE
General note Библиогр.:стр.306.
653 ## - INDEX TERM--UNCONTROLLED
keyword Новая керамика.
653 ## - INDEX TERM--UNCONTROLLED
keyword მინისა და კერამიკული მრეწველობა.
653 ## - INDEX TERM--UNCONTROLLED
keyword მინის ტექნოლოგია.
700 ## - ADDED ENTRY--PERSONAL NAME
Personal name П.П. Будников
Relator term ავტორი
9 (RLIN) 10633
700 ## - ADDED ENTRY--PERSONAL NAME
Personal name И.А. Булавин
Relator term ავტორი
9 (RLIN) 10634
700 ## - ADDED ENTRY--PERSONAL NAME
Personal name Г.А. Выдрик и др.
Relator term ავტორი
9 (RLIN) 10635
942 ## - ADDED ENTRY ELEMENTS (KOHA)
Koha item type წიგნი
Source of classification or shelving scheme
ეგზემპლარები
Withdrawn status Lost status Source of classification or shelving scheme Damaged status Not for loan Permanent Location Current Location Shelving location Date acquired Full call number Barcode Date last seen Copy number Price effective from Koha item type
          ბათუმის შოთა რუსთაველის სახელმწიფო უნივერსიტეტის მთავარი ბიბლიოთეკა ბათუმის შოთა რუსთაველის სახელმწიფო უნივერსიტეტის მთავარი ბიბლიოთეკა წიგნსაცავი 2018-12-17 666.3/.7 Н-72 12299 2018-12-17 12299 2018-12-17 წიგნი